Tichý, Zrzavý, Lhoták, Born a František Dvořák
| Titel: | Tichý, Zrzavý, Lhoták, Born a František Dvořák / fotografie Václava Chocholy ; sestavil Jan Dvořák. |
|---|---|
| Beteiligt: | ; |
| Ausgabe: | První vydání. |
| Veröffentlicht: | [Praha] : Pražská scéna, 2021 |
| Umfang: | 254 Seiten : Illustrationen, Porträts, Faksimiles ; 24 cm |
| Format: | Buch |
| Sprache: | Tschechisch |
| ISBN: | 9788088217107 ; 8088217105 |
| Hinweise zum Inhalt: |
Inhaltsverzeichnis
Cover |
alg: 49835513 001A $03004:18-08-22 001B $01999:02-12-24 $t22:32:17.000 001D $03004:18-08-22 001U $0utf8 001X $00 002@ $0Aau 002C $aText $btxt $2rdacontent 002D $aohne Hilfsmittel zu benutzen $bn $2rdamedia 002E $aBand $bnc $2rdacarrier 003@ $0498355136 004A $A978-80-88217-10-7 $f((vázáno)) 004A $080-88217-10-5 006C $01302727997 $aOCoLC 007A $0498355136 $aHEB 007G $0DE020714759B71D943574C12588A6003FA70D 009P $qapplication/pdf $A2 $3Inhaltsverzeichnis $uhttp://scans.hebis.de/HEBCGI/show.pl?49835513_toc.pdf $mV:DE-603;B:DE-Mb50 009P $qapplication/pdf $A2 $3Cover $uhttp://scans.hebis.de/HEBCGI/show.pl?49835513_cov.pdf $mV:DE-603;B:DE-Mb50 010@ $acze 010E $erda 011@ $a2021 $n2021 021A $aTichý, Zrzavý, Lhoták, Born a František Dvořák $hfotografie Václava Chocholy ; sestavil Jan Dvořák. 028C $BFotograf $4pht $7128839090 $8Chochola, Václav$Z1923-2005 [Tp1] $9119562197 028C $BZusammenstellender $4com $71135444587 $8Dvořák, Jan$Z1951- [Tp3] $9404408923 032@ $aPrvní vydání. 033A $p[Praha] $nPražská scéna 034D $a254 Seiten 034I $a24 cm 034M $aIllustrationen, Porträts, Faksimiles 037A $aVydáno ve spolupráci s Archivem B&M Chochola 037A $a500 výtisků 037A $aEnthält Literaturangaben 044A $aDvořák, František $2czenas $S17 $d1920-2015 $N600 044A $ahistorici umění $2czenas $S07 $y20 $zČesko $N650 044A $ahistorici umění $2czenas $S07 $xpřátelé a spolupracovníci $N650 044A $avýtvarní umělci $2czenas $S07 $y20 $zČesko $N650 044A $afotografové $2czenas $S07 $y20 $zČesko $N650 044A $aart historians $2czenas $S07 $y20th-21st centuries $zCzechia $N650 044A $aart historians $2czenas $S07 $xfriends and associates $N650 044A $aartists $2czenas $S07 $y20th-21st centuries $zCzechia $N650 044A $aphotographers $2czenas $S07 $y20th-21st centuries $zCzechia $N650 044A $atexty $2czenas $S#7 $N655 044A $avzpomínky $2czenas $S#7 $N655 044A $asborníky $2czenas $S#7 $N655 044A $atexts $2czenas $S#7 $N655 044A $areminiscences $2czenas $S#7 $N655 044A $acollections of works $2czenas $S#7 $N655 044K $#Dvořák, František $#Dvorak, Franz $#Dvorák, Frantisek $7123251095 $8Dvořák, František$Z1920-2015 [Tp1] $9100551688 045F $a709.43710904 $eDDC23BSB 045F/01 $a709 045F/03 $f0904 045F/03 $f0905 045F/03 $g4371 045F/03 $g437 lok: 49835513 24 exp: 49835513 24 1 #EPN 201B/01 $018-08-22 $t15:06:21.000 201C/01 $021-02-22 201U/01 $0utf8 203@/01 $01183199260 208@/01 $a18-08-22 $bz 209A/01 $a22.02112 $du $f050 $h22 02112 $x00 209C/01 $a22.02112 K $h22 02112 K 209G/01 $a74564690 $x00 220C/01 $akon 247C/01 $8358050-7Marburg, Bibliothek des Herder-Instituts Marburg $9102600961 lok: 49835513 78 exp: 49835513 78 1 #EPN 201B/01 $017-01-23 $t13:51:36.000 201C/01 $017-01-23 201U/01 $0utf8 203@/01 $01225039177 208@/01 $a17-01-23 $be 209A/01 $a/ $f000 $x00 209A/01 $ab*p $x01 220C/01 $apgar 244Z/01 $#Böhmische Kronländer $#Länder der Böhmischen Krone $#Sudetenland $#Böhmen $#Mähren $#Mährisch-Schlesien $#Österreichisch-Schlesien $#Tschechische Sozialistische Republik Böhmische Länder $#Tschechei Böhmische Länder $#Země koruny české $74069573-6 $8--Tg1--Böhmische Länder $x01 $9085195553 247C/01 $82080>Marburg/Lahn, Herder-Institut, Forschungsbibliothek, Bibliographieportal $9336309341
| LEADER | 00000cam a2200000 c 4500 | ||
|---|---|---|---|
| 001 | 498355136 | ||
| 003 | DE-603 | ||
| 005 | 20241202223217.0 | ||
| 007 | tu | ||
| 008 | 220818s2021 xx |||| | u00||u|cze c | ||
| 020 | |a 9788088217107 |c ((vázáno)) | ||
| 020 | |a 8088217105 | ||
| 035 | |a (DE-599)HEB498355136 | ||
| 040 | |a DE-603 |b ger |c DE-603 |d DE-603 |e rda | ||
| 041 | |a cze | ||
| 082 | 0 | 4 | |8 1\u |a 709.43710904 |q DE-101 |2 23/BSB |
| 085 | |8 1\u |b 709 | ||
| 085 | |8 1\u |z 1 |s 0904 | ||
| 085 | |8 1\u |z 1 |s 0905 | ||
| 085 | |8 1\u |z 2 |s 4371 | ||
| 085 | |8 1\u |z 2 |s 437 | ||
| 245 | 0 | 0 | |a Tichý, Zrzavý, Lhoták, Born a František Dvořák |c fotografie Václava Chocholy ; sestavil Jan Dvořák. |
| 250 | |a První vydání. | ||
| 264 | 1 | |a [Praha] |b Pražská scéna |c 2021 | |
| 300 | |a 254 Seiten |b Illustrationen, Porträts, Faksimiles |c 24 cm | ||
| 336 | |a Text |b txt |2 rdacontent | ||
| 337 | |a ohne Hilfsmittel zu benutzen |b n |2 rdamedia | ||
| 338 | |a Band |b nc |2 rdacarrier | ||
| 500 | |a Vydáno ve spolupráci s Archivem B&M Chochola | ||
| 500 | |a 500 výtisků | ||
| 500 | |a Enthält Literaturangaben | ||
| 600 | 1 | 7 | |a Dvořák, František |d 1920-2015 |0 (DE-588)123251095 |0 (DE-603)100551688 |2 gnd |
| 700 | 1 | |a Chochola, Václav |d 1923-2005 |e Fotograf |4 pht |0 (DE-603)119562197 |0 (DE-588)128839090 |2 gnd | |
| 700 | 1 | |a Dvořák, Jan |d 1951- |e Zusammenstellender |4 com |0 (DE-603)404408923 |0 (DE-588)1135444587 |2 gnd | |
| 856 | 4 | 2 | |m V:DE-603;B:DE-Mb50 |q application/pdf |u http://scans.hebis.de/HEBCGI/show.pl?49835513_toc.pdf |3 Inhaltsverzeichnis |
| 856 | 4 | 2 | |m V:DE-603;B:DE-Mb50 |q application/pdf |u http://scans.hebis.de/HEBCGI/show.pl?49835513_cov.pdf |3 Cover |
| 924 | 0 | |9 Mb 50 |a (DE-603)1183199260 |b DE-Mb50 |c HES |d c |g 22.02112 | |
| 924 | 0 | |9 2080 |a (DE-603)1225039177 |b DE-2080 |c HES |d d |g / | |


